01177nam a22003134a 4500001001200000003000800012006001900020007001500039008004100054010001700095020001500112040002100127035002100148050002600169082001700195100001700212245008900229260006800318300002400386504005100410533015200461650001600613650002000629655002900649700002500678710001700703856012600720999001700846ebr10073534CaPaEBRm u cr cn|||||||||020212s2002 enka sb 001 0 eng  z 2002022285 z0521818303 aCaPaEBRcCaPaEBR a(OCoLC)31424682814aTA418.14b.D38 2002eb04a624.1/512211 aDavis, R. O.10aPlasticity and geomechanicsh[electronic resource] /cR.O. Davis, A.P.S. Selvadurai. aCambridge, UK ;aNew York :bCambridge University Press,c2002. axii, 287 p. :bill. aIncludes bibliographical references and index. aElectronic reproduction.bPalo Alto, Calif. :cebrary,d2013.nAvailable via World Wide Web.nAccess may be limited to ebrary affiliated libraries. 0aPlasticity. 0aSoil mechanics. 7aElectronic books.2local1 aSelvadurai, A. P. S.2 aebrary, Inc.40uhttp://site.ebrary.com/lib/rucke/Doc?id=10073534zAn electronic book accessible through the World Wide Web; click to view c44538d44538